| 000 | 00930cam a22002535a 4500 | ||
|---|---|---|---|
| 001 | 4832838 | ||
| 005 | 20180318120014.0 | ||
| 008 | 900731s1990 mduab b 001 0 eng | ||
| 020 | _a0801839548 | ||
| 040 |
_aDLC _cDLC _dDLC _dEG-ScBUE _beng |
||
| 043 | _aaz----- | ||
| 082 | 0 | 4 |
_222 _a338.954091734 _bSIN |
| 100 | 1 |
_aSingh, Inderjit, _d1941- |
|
| 245 | 1 | 4 |
_aThe great ascent : _bthe rural poor in South Asia / _cInderjit Singh. |
| 260 |
_aBaltimore ; _aLondon : _bPublished for the World Bank, the Johns Hopkins University Press, _cc.1990. |
||
| 300 |
_axxvii, 444 p. : _bill. ; _c25 cm. |
||
| 504 | _aIncludes bibliographical references and index. | ||
| 650 | 7 |
_aRural poor _zSouth Asia. _2BUEsh |
|
| 650 | 7 |
_aAgricultural productivity _zSouth Asia _xRegional disparities. _2BUEsh |
|
| 651 | 7 |
_aSouth Asia _xEconomic conditions _xRegional disparities. _2BUEsh |
|
| 653 |
_bGGEN _cMarch2018 |
||
| 710 | 2 | _aWorld Bank. | |
| 942 | _2ddc | ||
| 999 |
_c26328 _d26300 |
||